[Event "XXII. DBMM Schach"]
[Site "Dresden"]
[Date "2024.01.19"]
[Round "3.1"]
[Board "1"]
[White "Meinhardt, Maximilian"]
[Black "Hoffmann, Hendrik"]
[Result "1-0"]
[WhiteElo "2366"]
[BlackElo "2271"]
[Annotator "br"]
[PlyCount "49"]
[GameId "489223822426"]
[EventDate "2024.01.18"]
[EventType "team-swiss"]
[EventRounds "7"]
[EventCountry "GER"]
[Tiebreak "Buchholz"]
[SourceTitle "XXII. DBMM Schach"]
[Source "FV Schach e.V."]
[SourceDate "2024.01.21"]
[SourceVersion "1"]
[SourceVersionDate "2024.01.21"]
[SourceQuality "1"]
[WhiteTeam "d-fine Frankfurt"]
[BlackTeam "le-tex Leipzig"]
[WhiteTeamCountry "GER"]
[BlackTeamCountry "GER"]

1. e4 d6 2. d4 Nf6 3. Nc3 g6 4. Nf3 Bg7 5. Be2 O-O 6. O-O a6 7. a4 Nc6 8. d5 Ne5 9. Nxe5 dxe5 10. Bg5 h6 11. Bh4 e6 12. f4 exf4 13. e5 g5 14. exf6 Bxf6 15. Bf2 Bxc3 16. bxc3 Qxd5 17. Qd4 Qxd4 18. cxd4 Bd7 19. Bf3 Rab8 20. g3 f6 21. Rfe1 Rfe8 22. gxf4 gxf4 23. Bh4 Kg7 24. Kf2 Rf8 25. Re4 1-0

[Event "XXII. DBMM Schach"]
[Site "Dresden"]
[Date "2024.01.19"]
[Round "3.2"]
[Board "2"]
[White "Rohne, Lars"]
[Black "Hellwig, Tobias"]
[Result "1/2-1/2"]
[WhiteElo "2121"]
[BlackElo "2180"]
[Annotator "br"]
[PlyCount "85"]
[GameId "489223822427"]
[EventDate "2024.01.18"]
[EventType "team-swiss"]
[EventRounds "7"]
[EventCountry "GER"]
[Tiebreak "Buchholz"]
[SourceTitle "XXII. DBMM Schach"]
[Source "FV Schach e.V."]
[SourceDate "2024.01.21"]
[SourceVersion "1"]
[SourceVersionDate "2024.01.21"]
[SourceQuality "1"]
[WhiteTeam "le-tex Leipzig"]
[BlackTeam "d-fine Frankfurt"]
[WhiteTeamCountry "GER"]
[BlackTeamCountry "GER"]

1. e4 Nf6 2. e5 Nd5 3. d4 d6 4. Nf3 dxe5 5. Nxe5 g6 6. c4 Nf6 7. Nc3 Bg7 8. Be3 Nbd7 9. Nf3 O-O 10. h3 b6 11. Be2 c5 12. Qd2 cxd4 13. Nxd4 Bb7 14. O-O Nc5 15. Rfd1 Qc8 16. Bh6 Rd8 17. Bxg7 Kxg7 18. Qe3 Rd7 19. Rac1 Qe8 20. b4 Nce4 21. Nxe4 Bxe4 22. c5 bxc5 23. bxc5 e5 24. Nb5 Bc6 25. Nd6 Qe7 26. Qg5 Kh8 27. Bc4 Rf8 28. Re1 Ne8 29. Qxe5+ Qxe5 30. Rxe5 Nxd6 31. cxd6 Rxd6 32. Re7 a5 33. Ra7 Bd5 34. Rxa5 Rc8 35. Rd1 Rxc4 36. Rdxd5 Rxd5 37. Rxd5 Rc1+ 38. Kh2 Rc2 39. a4 Rxf2 40. a5 Ra2 41. Rd8+ Kg7 42. Ra8 Ra3 43. a6 1/2-1/2

[Event "XXII. DBMM Schach"]
[Site "Dresden"]
[Date "2024.01.19"]
[Round "3.3"]
[Board "3"]
[White "Sundorf, Jannik"]
[Black "Poessel, Christian"]
[Result "1/2-1/2"]
[WhiteElo "2179"]
[BlackElo "2010"]
[Annotator "br"]
[PlyCount "109"]
[GameId "489223822428"]
[EventDate "2024.01.18"]
[EventType "team-swiss"]
[EventRounds "7"]
[EventCountry "GER"]
[Tiebreak "Buchholz"]
[SourceTitle "XXII. DBMM Schach"]
[Source "FV Schach e.V."]
[SourceDate "2024.01.21"]
[SourceVersion "1"]
[SourceVersionDate "2024.01.21"]
[SourceQuality "1"]
[WhiteTeam "d-fine Frankfurt"]
[BlackTeam "le-tex Leipzig"]
[WhiteTeamCountry "GER"]
[BlackTeamCountry "GER"]

1. d4 Nf6 2. c4 e6 3. g3 d5 4. Nf3 Bb4+ 5. Bd2 Be7 6. Qc2 c6 7. Bg2 O-O 8. O-O Nbd7 9. Rd1 b6 10. b3 Bb7 11. Nc3 Rc8 12. cxd5 cxd5 13. Qd3 Ne4 14. a4 Nxd2 15. Rxd2 Qc7 16. Rc1 Qd6 17. Rdc2 Qa3 18. Na2 h6 19. Bf1 Qd6 20. Rxc8 Rxc8 21. Rxc8+ Bxc8 22. e3 Qc7 23. Qc3 Qxc3 24. Nxc3 a6 25. Ne2 Kf8 26. h4 Bd6 27. Nf4 Nb8 28. Bh3 Bb7 29. Nd3 Nc6 30. Kf1 Na5 31. Nd2 Bc6 32. Ke1 b5 33. axb5 Bxb5 34. Bf1 Bxd3 35. Bxd3 Bb4 36. Kd1 Bxd2 37. Kxd2 Nxb3+ 38. Kc3 Na5 39. Bxa6 Nc6 40. Bb5 Ne7 41. Kb4 Nf5 42. Bd3 Nd6 43. f3 Ke7 44. g4 g5 45. hxg5 hxg5 46. Kc5 f6 47. Ba6 f5 48. gxf5 Nxf5 49. e4 dxe4 50. fxe4 Ng3 51. e5 Nh5 52. d5 exd5 53. Kxd5 Nf4+ 54. Ke4 Ng6 55. Kf5 1/2-1/2

[Event "XXII. DBMM Schach"]
[Site "Dresden"]
[Date "2024.01.19"]
[Round "3.4"]
[Board "4"]
[White "Heinrich, Thomas"]
[Black "Yalcin, Alparslan"]
[Result "1-0"]
[WhiteElo "2193"]
[BlackElo "2136"]
[Annotator "br"]
[PlyCount "96"]
[GameId "489223822429"]
[EventDate "2024.01.18"]
[EventType "team-swiss"]
[EventRounds "7"]
[EventCountry "GER"]
[Tiebreak "Buchholz"]
[SourceTitle "XXII. DBMM Schach"]
[Source "FV Schach e.V."]
[SourceDate "2024.01.21"]
[SourceVersion "1"]
[SourceVersionDate "2024.01.21"]
[SourceQuality "1"]
[WhiteTeam "le-tex Leipzig"]
[BlackTeam "d-fine Frankfurt"]
[WhiteTeamCountry "GER"]
[BlackTeamCountry "GER"]

1. Nf3 Nf6 2. c4 c6 3. b3 d5 4. e3 Bg4 5. Be2 Bxf3 6. Bxf3 e5 7. Qc2 e4 8. Be2 Bd6 9. Bb2 O-O 10. d3 Nbd7 11. Nd2 Qe7 12. d4 Rfe8 13. c5 Bc7 14. b4 a6 15. Nb3 Nf8 16. Bc3 h5 17. g3 Ne6 18. Qd1 g6 19. a4 Ng7 20. Kd2 Qd7 21. Kc2 Qf5 22. Qf1 Ng4 23. Be1 Re6 24. h3 Nh6 25. Qg2 Qg5 26. g4 h4 27. Rg1 Ree8 28. Bd2 Ne6 29. f4 exf3 30. Qxf3 Qe7 31. e4 dxe4 32. Qf1 g5 33. Bc4 Rad8 34. Bc3 Nf4 35. Re1 Kh7 36. Kb2 f5 37. gxf5 Nxf5 38. Nd2 Ng3 39. Rxg3 hxg3 40. Nxe4 g2 41. Qf2 Qg7 42. h4 Rd5 43. hxg5 Rxe4 44. Rxe4 Qxg5 45. Re1 Nh3 46. Qf7+ Qg7 47. Bd3+ Kh6 48. Re6+ Kg5 1-0

[Event "XXII. DBMM Schach"]
[Site "Dresden"]
[Date "2024.01.19"]
[Round "3.1"]
[Board "1"]
[White "Wirth, Steffen"]
[Black "Schulz, Michael"]
[Result "1/2-1/2"]
[WhiteElo "1826"]
[BlackElo "2172"]
[Annotator "br"]
[PlyCount "22"]
[GameId "489223822430"]
[EventDate "2024.01.18"]
[EventType "team-swiss"]
[EventRounds "7"]
[EventCountry "GER"]
[Tiebreak "Buchholz"]
[SourceTitle "XXII. DBMM Schach"]
[Source "FV Schach e.V."]
[SourceDate "2024.01.21"]
[SourceVersion "1"]
[SourceVersionDate "2024.01.21"]
[SourceQuality "1"]
[WhiteTeam "Gardez Robe Berlin II"]
[BlackTeam "SV Osram Berlin"]
[WhiteTeamCountry "GER"]
[BlackTeamCountry "GER"]

1. d4 Nf6 2. Bg5 Ne4 3. h4 c5 4. d5 h6 5. Bf4 Qb6 6. Nd2 Nxd2 7. Bxd2 Qxb2 8. Nf3 g6 9. Rb1 Qa3 10. Rb3 Qa4 11. Bc3 Rg8 1/2-1/2

[Event "XXII. DBMM Schach"]
[Site "Dresden"]
[Date "2024.01.19"]
[Round "3.2"]
[Board "2"]
[White "Rath, Alina"]
[Black "Humke, Andreas"]
[Result "1-0"]
[WhiteElo "2140"]
[BlackElo "1919"]
[Annotator "br"]
[PlyCount "73"]
[GameId "489223822431"]
[EventDate "2024.01.18"]
[EventType "team-swiss"]
[EventRounds "7"]
[EventCountry "GER"]
[Tiebreak "Buchholz"]
[SourceTitle "XXII. DBMM Schach"]
[Source "FV Schach e.V."]
[SourceDate "2024.01.21"]
[SourceVersion "1"]
[SourceVersionDate "2024.01.21"]
[SourceQuality "1"]
[WhiteTeam "SV Osram Berlin"]
[BlackTeam "Gardez Robe Berlin II"]
[WhiteTeamCountry "GER"]
[BlackTeamCountry "GER"]

1. c4 c5 2. Nc3 Nc6 3. g3 e5 4. Bg2 d6 5. d3 g6 6. e3 Bg7 7. Nge2 Nge7 8. O-O O-O 9. Rb1 Rb8 10. a3 f5 11. b4 b6 12. Nd5 Be6 13. b5 Na5 14. Bd2 Nxd5 15. cxd5 Bd7 16. a4 Nb7 17. Qc2 Qe7 18. Nc3 Rfc8 19. Nd1 Rc7 20. Nb2 h5 21. Nc4 Nd8 22. Bc3 Nf7 23. Qb2 h4 24. f4 hxg3 25. hxg3 Re8 26. Rbe1 Bc8 27. e4 Qd8 28. Rf2 Rce7 29. Rfe2 g5 30. Rf2 gxf4 31. gxf4 fxe4 32. Bxe4 Bh3 33. Re3 Bc8 34. Rg3 Kh8 35. Rh2+ Bh6 36. fxe5 dxe5 37. Nxe5 1-0

[Event "XXII. DBMM Schach"]
[Site "Dresden"]
[Date "2024.01.19"]
[Round "3.3"]
[Board "3"]
[White "Wittkowski, Ralf"]
[Black "Eisermann, Daniel"]
[Result "1/2-1/2"]
[WhiteElo "1780"]
[BlackElo "2014"]
[Annotator "br"]
[PlyCount "63"]
[GameId "489223822432"]
[EventDate "2024.01.18"]
[EventType "team-swiss"]
[EventRounds "7"]
[EventCountry "GER"]
[Tiebreak "Buchholz"]
[SourceTitle "XXII. DBMM Schach"]
[Source "FV Schach e.V."]
[SourceDate "2024.01.21"]
[SourceVersion "1"]
[SourceVersionDate "2024.01.21"]
[SourceQuality "1"]
[WhiteTeam "Gardez Robe Berlin II"]
[BlackTeam "SV Osram Berlin"]
[WhiteTeamCountry "GER"]
[BlackTeamCountry "GER"]

1. e4 e5 2. Bc4 Nf6 3. d4 exd4 4. Nf3 Nc6 5. e5 d5 6. Bb5 Ne4 7. Nxd4 Bd7 8. Bxc6 bxc6 9. O-O Bc5 10. Be3 Bb6 11. f3 Ng5 12. Qd2 Ne6 13. c3 O-O 14. f4 Nxd4 15. cxd4 Bf5 16. Nc3 Rb8 17. Rac1 Ba5 18. a3 Rb3 19. Qe2 Bxc3 20. Rxc3 Qb8 21. Bc1 Rxc3 22. bxc3 Qb3 23. Qe3 Rb8 24. Rf2 Qb1 25. h3 h5 26. Rf1 Rb3 27. Qf3 Qc2 28. Qxh5 Rb1 29. Kh2 Be4 30. Qg5 Rxc1 31. Qd8+ Kh7 32. Qh4+ 1/2-1/2

[Event "XXII. DBMM Schach"]
[Site "Dresden"]
[Date "2024.01.19"]
[Round "3.4"]
[Board "4"]
[White "Gebert Vangeel, Ralf"]
[Black "Lengowski, Joerg Uwe"]
[Result "1-0"]
[WhiteElo "2007"]
[BlackElo "1508"]
[Annotator "br"]
[PlyCount "41"]
[GameId "489223822433"]
[EventDate "2024.01.18"]
[EventType "team-swiss"]
[EventRounds "7"]
[EventCountry "GER"]
[Tiebreak "Buchholz"]
[SourceTitle "XXII. DBMM Schach"]
[Source "FV Schach e.V."]
[SourceDate "2024.01.21"]
[SourceVersion "1"]
[SourceVersionDate "2024.01.21"]
[SourceQuality "1"]
[WhiteTeam "SV Osram Berlin"]
[BlackTeam "Gardez Robe Berlin II"]
[WhiteTeamCountry "GER"]
[BlackTeamCountry "GER"]

1. e4 c6 2. d4 d5 3. e5 Bf5 4. Nf3 h6 5. Be2 e6 6. O-O c5 7. c4 Nc6 8. Be3 cxd4 9. Nxd4 Nge7 10. f4 Nxd4 11. Bxd4 Nc6 12. cxd5 Qxd5 13. Be3 Be4 14. Nc3 Qxd1 15. Raxd1 Bc2 16. Rc1 Bh7 17. Nb5 O-O-O 18. Nxa7+ Kb8 19. Nxc6+ bxc6 20. Rxc6 Be7 21. Rb6+ 1-0

[Event "XXII. DBMM Schach"]
[Site "Dresden"]
[Date "2024.01.19"]
[Round "3.1"]
[Board "1"]
[White "Sawatzki, Frank"]
[Black "Feikes, Joerg"]
[Result "1-0"]
[WhiteElo "2347"]
[BlackElo "2054"]
[Annotator "br"]
[PlyCount "61"]
[GameId "489223822438"]
[EventDate "2024.01.18"]
[EventType "team-swiss"]
[EventRounds "7"]
[EventCountry "GER"]
[Tiebreak "Buchholz"]
[SourceTitle "XXII. DBMM Schach"]
[Source "FV Schach e.V."]
[SourceDate "2024.01.21"]
[SourceVersion "1"]
[SourceVersionDate "2024.01.21"]
[SourceQuality "1"]
[WhiteTeam "BA Nord/Baubehoerde Hamburg"]
[BlackTeam "BA Tempelhof Berlin II"]
[WhiteTeamCountry "GER"]
[BlackTeamCountry "GER"]

1. e4 e5 2. Nf3 Nc6 3. Bc4 Nf6 4. d3 Bc5 5. c3 a6 6. a4 Ba7 7. O-O d6 8. Re1 O-O 9. h3 Ne7 10. Bb3 Ng6 11. d4 Re8 12. Bc2 h6 13. Nbd2 Bd7 14. Nf1 a5 15. Ng3 Qc8 16. Kh2 Bb6 17. Bd2 Qb8 18. Qc1 Qa7 19. Re2 Re7 20. Nf5 Bxf5 21. exf5 Nf8 22. Bxh6 gxh6 23. Qxh6 N8h7 24. Ng5 e4 25. Nxh7 Nxh7 26. f6 Nxf6 27. Qg5+ Kf8 28. Qxf6 Re6 29. Qh8+ Ke7 30. Qh4+ Kd7 31. Bxe4 1-0

[Event "XXII. DBMM Schach"]
[Site "Dresden"]
[Date "2024.01.19"]
[Round "3.2"]
[Board "2"]
[White "Baranowsky, Peter"]
[Black "Hohlfeld, Wolfgang"]
[Result "1/2-1/2"]
[WhiteElo "1883"]
[BlackElo "2041"]
[Annotator "br"]
[PlyCount "44"]
[GameId "489223822439"]
[EventDate "2024.01.18"]
[EventType "team-swiss"]
[EventRounds "7"]
[EventCountry "GER"]
[Tiebreak "Buchholz"]
[SourceTitle "XXII. DBMM Schach"]
[Source "FV Schach e.V."]
[SourceDate "2024.01.21"]
[SourceVersion "1"]
[SourceVersionDate "2024.01.21"]
[SourceQuality "1"]
[WhiteTeam "BA Tempelhof Berlin II"]
[BlackTeam "BA Nord/Baubehoerde Hamburg"]
[WhiteTeamCountry "GER"]
[BlackTeamCountry "GER"]

1. c4 c6 2. Nf3 d5 3. e3 Nf6 4. Nc3 e6 5. b3 Bd6 6. Bb2 O-O 7. d4 Nbd7 8. Bd3 e5 9. cxd5 cxd5 10. dxe5 Nxe5 11. Nxe5 Bxe5 12. h3 Be6 13. O-O Rc8 14. Rc1 Qe7 15. Qe2 Rfd8 16. Nb5 Bxb2 17. Qxb2 a6 18. Nd4 Ne4 19. Rxc8 Bxc8 20. Rc1 Qg5 21. Nf3 Qf6 22. Qxf6 Nxf6 1/2-1/2

[Event "XXII. DBMM Schach"]
[Site "Dresden"]
[Date "2024.01.19"]
[Round "3.3"]
[Board "3"]
[White "Hein, Ralf"]
[Black "Koerlin, Hans Juergen"]
[Result "0-1"]
[WhiteElo "2018"]
[BlackElo "1855"]
[Annotator "br"]
[PlyCount "52"]
[GameId "489223822440"]
[EventDate "2024.01.18"]
[EventType "team-swiss"]
[EventRounds "7"]
[EventCountry "GER"]
[Tiebreak "Buchholz"]
[SourceTitle "XXII. DBMM Schach"]
[Source "FV Schach e.V."]
[SourceDate "2024.01.21"]
[SourceVersion "1"]
[SourceVersionDate "2024.01.21"]
[SourceQuality "1"]
[WhiteTeam "BA Nord/Baubehoerde Hamburg"]
[BlackTeam "BA Tempelhof Berlin II"]
[WhiteTeamCountry "GER"]
[BlackTeamCountry "GER"]

1. e4 e5 2. Nf3 Nc6 3. d4 exd4 4. Nxd4 Nf6 5. Nxc6 bxc6 6. Bd3 d5 7. e5 Ng4 8. Bf4 Bc5 9. O-O h5 10. Nd2 g5 11. Bg3 h4 12. Be2 Nh6 13. e6 hxg3 14. exf7+ Nxf7 15. hxg3 Qd6 16. Bh5 Qxg3 17. Qe2+ Kf8 18. b4 Qh4 19. bxc5 Rxh5 20. f3 Ba6 21. c4 Re8 22. Qd3 Kg7 23. Rac1 Ne5 24. Qc3 d4 25. Qa5 Nd3 26. Qxc7+ Kg8 0-1

[Event "XXII. DBMM Schach"]
[Site "Dresden"]
[Date "2024.01.19"]
[Round "3.4"]
[Board "4"]
[White "Thomas, Andreas"]
[Black "Buchholz, Robert"]
[Result "1/2-1/2"]
[WhiteElo "1835"]
[BlackElo "1953"]
[Annotator "br"]
[PlyCount "55"]
[GameId "489223822441"]
[EventDate "2024.01.18"]
[EventType "team-swiss"]
[EventRounds "7"]
[EventCountry "GER"]
[Tiebreak "Buchholz"]
[SourceTitle "XXII. DBMM Schach"]
[Source "FV Schach e.V."]
[SourceDate "2024.01.21"]
[SourceVersion "1"]
[SourceVersionDate "2024.01.21"]
[SourceQuality "1"]
[WhiteTeam "BA Tempelhof Berlin II"]
[BlackTeam "BA Nord/Baubehoerde Hamburg"]
[WhiteTeamCountry "GER"]
[BlackTeamCountry "GER"]

1. c4 Nf6 2. Nf3 e6 3. d4 d5 4. e3 Be7 5. Bd3 O-O 6. O-O b6 7. Nc3 Bb7 8. Re1 Nbd7 9. Ne5 Nxe5 10. dxe5 Nd7 11. cxd5 Nxe5 12. Bxh7+ Kxh7 13. Qh5+ Kg8 14. Qxe5 Bf6 15. Qh5 exd5 16. Rd1 Re8 17. Nxd5 Re5 18. Nxf6+ Qxf6 19. Qe2 Rae8 20. f3 Rd5 21. Rxd5 Bxd5 22. e4 Qe6 23. Bf4 Bc4 24. Qd2 c5 25. b3 Bb5 26. Rd1 c4 27. Qd5 a6 28. Qxe6 1/2-1/2

[Event "XXII. DBMM Schach"]
[Site "Dresden"]
[Date "2024.01.19"]
[Round "3.1"]
[Board "1"]
[White "Dolzhykova, Kateryna"]
[Black "Bressler, Patrick"]
[Result "1-0"]
[WhiteElo "2298"]
[BlackElo "2073"]
[Annotator "br"]
[PlyCount "27"]
[GameId "489223822442"]
[EventDate "2024.01.18"]
[EventType "team-swiss"]
[EventRounds "7"]
[EventCountry "GER"]
[Tiebreak "Buchholz"]
[SourceTitle "XXII. DBMM Schach"]
[Source "FV Schach e.V."]
[SourceDate "2024.01.21"]
[SourceVersion "1"]
[SourceVersionDate "2024.01.21"]
[SourceQuality "1"]
[WhiteTeam "DZ Bank Frankfurt"]
[BlackTeam "Gardez Robe Berlin"]
[WhiteTeamCountry "GER"]
[BlackTeamCountry "GER"]

1. e4 d6 2. d4 Nf6 3. Nc3 e5 4. Nf3 Nbd7 5. g4 h6 6. g5 hxg5 7. Nxg5 exd4 8. Qxd4 c5 9. Qa4 Be7 10. Rg1 Kf8 11. Qb3 d5 12. Nxd5 Ne5 13. Nxe7 Qxe7 14. Bf4 1-0

[Event "XXII. DBMM Schach"]
[Site "Dresden"]
[Date "2024.01.19"]
[Round "3.2"]
[Board "2"]
[White "Weiss, Christian"]
[Black "Damm, Nils"]
[Result "1/2-1/2"]
[WhiteElo "2109"]
[BlackElo "1967"]
[Annotator "br"]
[PlyCount "69"]
[GameId "489223822443"]
[EventDate "2024.01.18"]
[EventType "team-swiss"]
[EventRounds "7"]
[EventCountry "GER"]
[Tiebreak "Buchholz"]
[SourceTitle "XXII. DBMM Schach"]
[Source "FV Schach e.V."]
[SourceDate "2024.01.21"]
[SourceVersion "1"]
[SourceVersionDate "2024.01.21"]
[SourceQuality "1"]
[WhiteTeam "Gardez Robe Berlin"]
[BlackTeam "DZ Bank Frankfurt"]
[WhiteTeamCountry "GER"]
[BlackTeamCountry "GER"]

1. e4 d5 2. exd5 Qxd5 3. Nc3 Qd6 4. d4 Nf6 5. Nf3 c6 6. Bc4 Bg4 7. Be3 e6 8. h3 Bxf3 9. Qxf3 Nbd7 10. O-O-O Nb6 11. Bf4 Qd7 12. Be2 Nbd5 13. Be5 Be7 14. Ne4 Nxe4 15. Qxe4 Nf6 16. Qd3 O-O-O 17. Bf3 Ne8 18. Qb3 Bd6 19. Rhe1 Bxe5 20. Rxe5 Nc7 21. g3 Nd5 22. Qa4 Kb8 23. Rd3 f6 24. Re1 Rhe8 25. Bg4 Qd6 26. Rdd1 Re7 27. Qb3 Rde8 28. Bf3 Nb6 29. Qc3 Qc7 30. Re2 e5 31. dxe5 Rxe5 32. Rde1 Rxe2 33. Rxe2 Rxe2 34. Bxe2 Qe7 35. Bg4 1/2-1/2

[Event "XXII. DBMM Schach"]
[Site "Dresden"]
[Date "2024.01.19"]
[Round "3.3"]
[Board "3"]
[White "Garbe, Maximilian"]
[Black "Hoffmann, Michael"]
[Result "1/2-1/2"]
[WhiteElo "1920"]
[BlackElo "1977"]
[Annotator "br"]
[PlyCount "75"]
[GameId "489223822444"]
[EventDate "2024.01.18"]
[EventType "team-swiss"]
[EventRounds "7"]
[EventCountry "GER"]
[Tiebreak "Buchholz"]
[SourceTitle "XXII. DBMM Schach"]
[Source "FV Schach e.V."]
[SourceDate "2024.01.21"]
[SourceVersion "1"]
[SourceVersionDate "2024.01.21"]
[SourceQuality "1"]
[WhiteTeam "DZ Bank Frankfurt"]
[BlackTeam "Gardez Robe Berlin"]
[WhiteTeamCountry "GER"]
[BlackTeamCountry "GER"]

1. e4 c5 2. Nf3 Nc6 3. Bb5 e6 4. Nc3 Nge7 5. O-O Ng6 6. Bxc6 bxc6 7. e5 Be7 8. d3 f6 9. Qe2 O-O 10. Bd2 Rb8 11. b3 Qc7 12. Rae1 fxe5 13. Nxe5 Nxe5 14. Qxe5 Qxe5 15. Rxe5 d6 16. Re2 e5 17. f4 Bg4 18. Re4 Bf5 19. Ra4 exf4 20. Rxa7 Bf6 21. Ne2 Bg4 22. Re1 Rbe8 23. Kf1 Bh4 24. Bc3 Rf7 25. Rxf7 Kxf7 26. g3 Bxe2+ 27. Rxe2 Rxe2 28. Kxe2 fxg3 29. hxg3 Bxg3 30. Kf3 Bh4 31. Ba5 Ke6 32. Bc7 Kd7 33. Ba5 h5 34. a4 Bf6 35. c4 g6 36. Be1 h4 37. Kg4 g5 38. Bd2 1/2-1/2

[Event "XXII. DBMM Schach"]
[Site "Dresden"]
[Date "2024.01.19"]
[Round "3.4"]
[Board "4"]
[White "Schober, Ralf"]
[Black "Bluemer, Timo"]
[Result "1-0"]
[WhiteElo "2092"]
[BlackElo "1200"]
[Annotator "br"]
[PlyCount "109"]
[GameId "489223822445"]
[EventDate "2024.01.18"]
[EventType "team-swiss"]
[EventRounds "7"]
[EventCountry "GER"]
[Tiebreak "Buchholz"]
[SourceTitle "XXII. DBMM Schach"]
[Source "FV Schach e.V."]
[SourceDate "2024.01.21"]
[SourceVersion "1"]
[SourceVersionDate "2024.01.21"]
[SourceQuality "1"]
[WhiteTeam "Gardez Robe Berlin"]
[BlackTeam "DZ Bank Frankfurt"]
[WhiteTeamCountry "GER"]
[BlackTeamCountry "GER"]

1. e4 c6 2. Nc3 d5 3. Nf3 dxe4 4. Nxe4 Nf6 5. Qe2 Nxe4 6. Qxe4 Nd7 7. Bc4 e6 8. d4 Nf6 9. Qe2 c5 10. Be3 Qc7 11. O-O Be7 12. Bb5+ Bd7 13. Ne5 cxd4 14. Nxd7 Nxd7 15. Bxd4 O-O 16. Rfd1 Rfd8 17. Rd3 Bf6 18. Bxd7 Bxd4 19. Rxd4 Rxd7 20. Rxd7 Qxd7 21. Rd1 Qc7 22. Qd3 g6 23. h4 h5 24. c3 Rc8 25. Qd7 a6 26. g3 Qb8 27. Qe7 Re8 28. Qg5 Qc7 29. Qd2 e5 30. Qd7 Re7 31. Qxc7 Rxc7 32. Rd5 Re7 33. Kf1 Kg7 34. Rd6 f5 35. Ke2 Kf7 36. Rb6 Rd7 37. c4 Re7 38. b3 Rd7 39. a4 Rc7 40. a5 Rd7 41. b4 Rc7 42. Kd3 e4+ 43. Kd4 Rd7+ 44. Ke3 Rd3+ 45. Ke2 Rd7 46. c5 Rc7 47. Ke3 Rd7 48. Kf4 Rd3 49. Ke5 Rd7 50. Rf6+ Kg7 51. Rd6 Re7+ 52. Re6 Rxe6+ 53. Kxe6 Kh7 54. Kf6 Kh6 55. b5 1-0

[Event "XXII. DBMM Schach"]
[Site "Dresden"]
[Date "2024.01.19"]
[Round "3.2"]
[Board "2"]
[White "Launert, Martin"]
[Black "Felten, Joachim"]
[Result "1/2-1/2"]
[WhiteElo "1827"]
[BlackElo "2096"]
[Annotator "br"]
[PlyCount "58"]
[GameId "489223822447"]
[EventDate "2024.01.18"]
[EventType "team-swiss"]
[EventRounds "7"]
[EventCountry "GER"]
[Tiebreak "Buchholz"]
[SourceTitle "XXII. DBMM Schach"]
[Source "FV Schach e.V."]
[SourceDate "2024.01.21"]
[SourceVersion "1"]
[SourceVersionDate "2024.01.21"]
[SourceQuality "1"]
[WhiteTeam "R+V Versicherung Wiesbaden"]
[BlackTeam "BWVL Hamburg"]
[WhiteTeamCountry "GER"]
[BlackTeamCountry "GER"]

1. e4 c5 2. Nf3 Nc6 3. d4 cxd4 4. Nxd4 Nf6 5. Nc3 e5 6. Ndb5 d6 7. Bg5 a6 8. Na3 b5 9. Nd5 Be6 10. Bxf6 gxf6 11. c3 f5 12. exf5 Bxf5 13. Qf3 Be6 14. Nf6+ Ke7 15. Nd5+ Kd7 16. Nc2 f5 17. O-O-O Rb8 18. Ndb4 Nxb4 19. Nxb4 Qb6 20. Nd5 Qb7 21. Nf6+ Ke7 22. Qxb7+ Rxb7 23. Nd5+ Bxd5 24. Rxd5 Ke6 25. c4 Bh6+ 26. Kc2 Rc8 27. b3 e4 28. Be2 Bf4 29. h3 Rc5 1/2-1/2

[Event "XXII. DBMM Schach"]
[Site "Dresden"]
[Date "2024.01.19"]
[Round "3.3"]
[Board "3"]
[White "Limbach, Torsten"]
[Black "Nischke, Klaus Peter"]
[Result "1-0"]
[WhiteElo "1980"]
[BlackElo "1670"]
[Annotator "br"]
[PlyCount "61"]
[GameId "489223822448"]
[EventDate "2024.01.18"]
[EventType "team-swiss"]
[EventRounds "7"]
[EventCountry "GER"]
[Tiebreak "Buchholz"]
[SourceTitle "XXII. DBMM Schach"]
[Source "FV Schach e.V."]
[SourceDate "2024.01.21"]
[SourceVersion "1"]
[SourceVersionDate "2024.01.21"]
[SourceQuality "1"]
[WhiteTeam "BWVL Hamburg"]
[BlackTeam "R+V Versicherung Wiesbaden"]
[WhiteTeamCountry "GER"]
[BlackTeamCountry "GER"]

1. c4 e5 2. Nc3 Bb4 3. Nf3 Bxc3 4. bxc3 d6 5. Rb1 Nf6 6. d3 e4 7. Nd4 O-O 8. Bg5 exd3 9. exd3 Qe8+ 10. Be2 Qe5 11. Qd2 Nbd7 12. O-O a6 13. Bf3 d5 14. Bf4 Qe7 15. cxd5 Nb6 16. d6 cxd6 17. Rxb6 Rd8 18. Rfb1 d5 19. Bg5 Rd6 20. Rxd6 Qxd6 21. Qf4 Qa3 22. Bxf6 Qxa2 23. Re1 gxf6 24. Re8+ Kg7 25. Qg3+ Kh6 26. Qf4+ Kg7 27. Qg3+ Kh6 28. Qf4+ Kg7 29. Qc1 Qa4 30. Qe1 Qa5 31. Nf5+ 1-0

[Event "XXII. DBMM Schach"]
[Site "Dresden"]
[Date "2024.01.19"]
[Round "3.4"]
[Board "4"]
[White "Schmidt, Joerg"]
[Black "Hartmann, Jens"]
[Result "1-0"]
[WhiteElo "1762"]
[BlackElo "1817"]
[Annotator "br"]
[PlyCount "85"]
[GameId "489223822449"]
[EventDate "2024.01.18"]
[EventType "team-swiss"]
[EventRounds "7"]
[EventCountry "GER"]
[Tiebreak "Buchholz"]
[SourceTitle "XXII. DBMM Schach"]
[Source "FV Schach e.V."]
[SourceDate "2024.01.21"]
[SourceVersion "1"]
[SourceVersionDate "2024.01.21"]
[SourceQuality "1"]
[WhiteTeam "R+V Versicherung Wiesbaden"]
[BlackTeam "BWVL Hamburg"]
[WhiteTeamCountry "GER"]
[BlackTeamCountry "GER"]

1. Nf3 g6 2. e3 Bg7 3. c4 Nf6 4. Nc3 b6 5. b3 Nc6 6. Bb2 Bb7 7. d4 e6 8. Be2 O-O 9. Qc2 Ne7 10. e4 d6 11. Rd1 Qc8 12. O-O Nd7 13. Rfe1 f5 14. Ng5 Nf6 15. d5 e5 16. Ne6 Rf7 17. Bc1 a6 18. f4 h6 19. fxe5 dxe5 20. Rf1 f4 21. Qd3 Bh8 22. g3 g5 23. gxf4 gxf4 24. Kh1 Bg7 25. Rg1 Kh8 26. Rd2 Qd7 27. Bf1 Rg8 28. Bh3 Qd6 29. Rdg2 c6 30. Nb1 c5 31. Bb2 Nc6 32. Qg3 Nd8 33. Nxd8 Rxd8 34. Be6 Re7 35. Qh3 Nxe4 36. Qf5 Rxe6 37. Qxe4 Rd7 38. Nd2 Qf8 39. Nf3 Qf6 40. Rg6 Qe7 41. Rxg7 Qxg7 42. Rxg7 Rxg7 43. Qf5 1-0